Facundo

Guardat en:
Dades bibliogràfiques
Autor principal: Sarmiento, Domingo Faustino (Autor)
Format: Llibre
Idioma:espanyol
Publicat: Buenos Aires Jackson 1947
Matèries:
Etiquetes: Afegir etiqueta
Sense etiquetes, Sigues el primer a etiquetar aquest registre!

MARC

LEADER 00000nam a2200000 a 4500
001 UCQ4477
003 CL-VaPUC
008 980904e19470000AG |||||||||||||||||spa|d
082 0 4 |a Ar863  |b SAR  |2 21 
100 |a Sarmiento, Domingo Faustino  |e author  |9 311947 
245 1 0 |a Facundo 
300 |a 366 p 
942 |c BK 
945 |d 19980904 00:00:00  |a lriquelm 
260 |a Buenos Aires  |b Jackson  |c 1947 
650 0 |a Novelas argentinas  |9 267871 
650 0 |a Literatura argentina  |9 320596 
583 |a last modification  |c 19980904 00:00:00  |k Rodrigo Vera 
999 |c 274851  |d 274849 
952 |0 0  |1 0  |4 0  |6 AR_863_000000000000000_SAR_1947  |7 0  |8 A  |9 311196  |a BIBEDU  |b BIBEDU  |d 2019-11-20  |i 1462334  |o Ar863 SAR 1947  |p 1462334  |r 2019-11-20  |w 2019-11-20  |y BK  |k LIT